000 00501nam a2200157 4500
001 123236
003 ES-MaACL
005 20230906192133.0
007 t|
008 070214s1935 sp r ||||0| spa d
100 1 _aQuerol y Roso, Luis.
_994552
245 1 0 _aNegros y mulatos de Nueva España
_b: (historia de su alzamiento en Méjico en 1612) /
_cLuis Querol y Roso.
260 _aValencia :
_b[s.n.],
_c1935 (
_fHijo de F. Vives Mora)
300 _a49 p ;
_c24 cm.
852 _aES-MaACL
_j1800-F-12
999 _c123236
_d123236